000
00215nam a22000857a 4500
008
161121b xxu||||| |||| 00| 0 eng d
100
_9
1292
_a
BPI INDIA
245
_a
The Litle Monkeys
260
_a
New Delhi
_b
BPI India
_c
2011
999
_c
3996
_d
3996